000 02773cab a2200277Ia 45 0
001 u210455
003 SIRSI
008 101219s2014 ua ss b eng d
040 _aEAL
041 _aeng
_bara
090 _aART AUJAS V22 No2 18
100 1 _aShehata, S. T.
240 1 0 _aArab universities journal of agricultural sciences, 2014 v. 22 (2)
_h[electronic resource].
245 1 0 _aBiological control of Lasiodiplodia rot of mango fruits by yeasts
_h[electronic resource].
246 1 5 _aالمكافحة الحيوية لمرض عفن اللزيودبلولوديا على ثمار المانجو بالخمائر
300 _ap.439-453.
504 _aIncludes references.
520 _aNinety nine yeast isolates were isolated from surface of mango fruits and were tested in vivo in preliminary study for biocontrol potential of Lasiodiplodia rot of mango fruits. According to primary screening, nine isolates were selected to continue the secondary screening using different concentrations of the washed yeast cells in water suspension to study their biocontrol efficacy at 16±1°C. It was found that using washed cells of yeast isolate Mg 147 (Candida multisgemmis) at 1x109 , 5x108 and 2x108 CFU/ml produced complete protection for 14 days to wounds of mango fruit inoculated with spore suspension of the fungus Lasiodiplodia theobromae 1 x1 05 conidia/mi. Meantime, no lesion developed on the mango fruit treated with the isolates Mg 39 (Pichia guilliermondii strain A) at the highest tested colony forming unit (CFU) levels, i.e. 1 x1 09 and 5x1 08 CFU/ml. Supernatant of the yeast cultures, tested in secondary screening, did not prevent spore germination of L. theobromae or decay of wounded mango fruit but had inhibitory effect. However, 1-Methylcyclopropene (1-MCP) treatment significantly reduced the infected area mm2 on mango fruit inoculated with L. theobromae ( 1 x1 05 conidia/ml) during the 14 days of storage at 16±1°C and improved efficacy of isolates Mg147 and Mg39. When applied as combined treatments between 1-MCP and biocontrol agents, no lesion developed on the fruit treated with the isolate Mg 147 at 1x 108 CFU/ml or higher. Meanwhile, no lesion developed on the fruit treated with the isolate Mg 39 at 2x 108 CFU/ml or higher while, the percentages of rot reduction were ranged between 94.1% - 81.3% for concentrations 1x108 and 6.6x107 CFU/ml respectively.
546 _aSummary in Arabic.
650 0 _aMango
_xDiseases and pests
_xBiological control.
650 0 _aYeasts.
650 3 _aLasiodiplodia theobromae
773 0 _tArab Universities Journal of Agricultural Sciences.
_g2014.v. 22
_x1110-2675
_7nnas
_wu118374
856 4 0 _uhttp://nile.enal.sci.eg/EALE/2014/AUJAS/2214/2/439.pdf
_zFull Text Article.
596 _a1
942 _cAR
_2lcc
999 _c59711
_d59711